OBJECTIVE AGRONOMY (Record no. 25655)

MARC details
000 -LEADER
fixed length control field 00287nam a22001337a 4500
003 - CONTROL NUMBER IDENTIFIER
control field SGT
020 ## - INTERNATIONAL STANDARD BOOK NUMBER
International Standard Book Number 978-93-5340-552-4
082 ## - DEWEY DECIMAL CLASSIFICATION NUMBER
Classification number 631
Item number THA
100 ## - MAIN ENTRY--PERSONAL NAME
Personal name THAVAPRAKAASH, N.
245 ## - TITLE STATEMENT
Title OBJECTIVE AGRONOMY
260 ## - PUBLICATION, DISTRIBUTION, ETC. (IMPRINT)
Place of publication, distribution, etc DELHI
Name of publisher, distributor, etc KALYANI
Year of Publication 2023
300 ## - PAGE DESCRIPTION
No. of Pages 17.7
942 ## - ADDED ENTRY ELEMENTS (KOHA)
Source of classification or shelving scheme Dewey Decimal Classification
Koha item type Books
942 ## - ADDED ENTRY ELEMENTS (KOHA)
-- 1
Holdings
Withdrawn status Lost status Source of classification or shelving scheme Damaged status Not for loan Home library Current library Shelving location Date acquired Vendor Name Cost, normal purchase price SGTU Bill Number Total Checkouts Full call number Accession No. (Barcode) Date last seen Date last borrowed Bill Date Koha item type
    Dewey Decimal Classification     SGT Science & Social Sciences Library SGT Science & Social Sciences Library Text Book 20/02/2024 KALYANI 650.00 SGTU 2140 2 631 THA AG1851 23/04/2026 24/03/2026   Books
    Dewey Decimal Classification   Not For Loan SGT Science & Social Sciences Library SGT Science & Social Sciences Library Reference Book 20/02/2024 KALYANI 650.00 SGTU 2140   631 THA AG1852 20/02/2024     Books
    Dewey Decimal Classification     SGT Science & Social Sciences Library SGT Science & Social Sciences Library Text Book 20/02/2024 KALYANI 650.00 SGTU 2140 2 631 THA AG1853 18/08/2025 04/08/2025   Books
    Dewey Decimal Classification     SGT Science & Social Sciences Library SGT Science & Social Sciences Library Text Book 20/02/2024 KALYANI 650.00 SGTU 2140 2 631 THA AG1854 10/11/2025 08/10/2025   Books
    Dewey Decimal Classification     SGT Science & Social Sciences Library SGT Science & Social Sciences Library Text Book 20/02/2024 KALYANI 650.00 SGTU 2140 3 631 THA AG1855 19/12/2025 27/10/2025   Books